| Tag |
First Indicator |
Second Indicator |
Subfields |
| LEADER |
00000cam a2200000 a 4500 |
| 001 |
in00000554635 |
| 005 |
20151014051924.0 |
| 008 |
701019s1970 nyuab b 00110 engm |
| 010 |
|
|
|a 79104633
|
| 020 |
|
|
|a 0812813030
|
| 035 |
|
|
|a (OCoLC)00095987
|
| 035 |
|
|
|9 ACJ6762AM
|
| 040 |
|
|
|a DLC
|c DLC
|d m.c.
|d TXA
|d UtOrBLW
|
| 041 |
1 |
|
|a eng
|h fin
|
| 049 |
|
|
|a TXAM
|c [1616072]
|
| 050 |
0 |
0 |
|a VK15
|b .P6313 1970
|
| 082 |
0 |
|
|a 387
|
| 100 |
1 |
|
|a Pohjanpalo, Jorma.
|
| 240 |
1 |
0 |
|a Meri ja ihminen.
|l English
|
| 245 |
1 |
4 |
|a The sea and man /
|c Jorma Pohjanpalo ; translated by Diana Tullberg.
|
| 264 |
|
1 |
|a New York :
|b Stein and Day,
|c [1970]
|
| 264 |
|
4 |
|c ©1970
|
| 300 |
|
|
|a 308 pages :
|b illustrations (some color), maps ;
|c 23 cm.
|
| 336 |
|
|
|a text
|b txt
|2 rdacontent
|
| 337 |
|
|
|a unmediated
|b n
|2 rdamedia
|
| 338 |
|
|
|a volume
|b nc
|2 rdacarrier
|
| 500 |
|
|
|a Translation of: Meri ja ihminen.
|
| 500 |
|
|
|a Includes index.
|
| 504 |
|
|
|a Bibliography: pages [303]-304.
|
| 650 |
|
0 |
|a Navigation
|x History.
|
| 650 |
|
0 |
|a Ships
|x History.
|
| 650 |
|
0 |
|a Ocean.
|
| 999 |
|
|
|a MARS
|
| 999 |
f |
f |
|s a039299c-1c85-30a2-8bf5-264fd23e0543
|i c728b99c-4c77-3718-888e-da45655b32a3
|t 0
|
| 952 |
f |
f |
|p ric
|a Texas A&M University
|b Rellis Campus
|c Joint Library Facility
|d Remote Storage
|t 0
|e VK15 .P6313 1970
|h Library of Congress classification
|i unmediated -- volume
|m A14808319400
|
| 998 |
f |
f |
|a VK15 .P6313 1970
|t 0
|l Remote Storage
|